| 000 | 00884nam a22002891 4500 | ||
|---|---|---|---|
| 001 | 35470 | ||
| 003 | BD-RjUL | ||
| 005 | 20211209052328.0 | ||
| 008 | 140525s1951 nyua b 001 0 eng d | ||
| 035 | _a(BD-RjUL)35564 | ||
| 035 | _a(OCoLC)168481 | ||
| 040 |
_aDLC _cODaWU _dOCoLC _dOYU _dUk _dDLC _dBD-RjUL _beng |
||
| 041 | _aeng | ||
| 082 |
_a519 _bDII 1951 |
||
| 100 | 1 |
_aDixon, Wilfred Joseph, _d1915- _9107983 |
|
| 245 | 1 | 0 |
_aIntroduction to statistical analysis / _cWilfrid J. Dixon [and] Frank J. Massey. |
| 250 | _a1st ed. | ||
| 260 |
_aNew York : _bMcGraw-Hill, _c1951. |
||
| 300 |
_ax, 370 p. : _bill. ; _c24 cm. |
||
| 504 | _aIncludes bibliographies. and Index | ||
| 650 | 0 |
_aStatistics. _9107984 |
|
| 700 | 1 |
_aMassey, Frank Jones, _ejoint author. _9107985 |
|
| 740 | 0 | _aStatistical analysis. | |
| 942 |
_2ddc _cBK |
||
| 999 |
_c35470 _d35470 |
||